000 00470nam a2200181Ia 4500
001 7292
005 20260306160444.0
008 260306t2014||||xx |||||||||||||| ||spa||
041 _aESP
082 _a338.5
_bG317
100 _aGaravito Masalías, Cecilia
_eAUT
245 0 _aMicroeconomía:
_bconsumidores, productores y estructuras de mercado
260 _c2014
300 _a318 páginas :
_c20 cm.
650 _aGEN
654 _aCAN
942 _cLIB
_dJUS
_fJUS
_2ddc
_n
999 _c7292
_d7292